UM Logo

Colonial Urban Planning and Social Control : (Record no. 24495)

MARC details
000 -LEADER
fixed length control field 00918nam a22002177a 4500
003 - CONTROL NUMBER IDENTIFIER
control field OSt
005 - DATE AND TIME OF LATEST TRANSACTION
control field 20260327164440.0
008 - FIXED-LENGTH DATA ELEMENTS--GENERAL INFORMATION
fixed length control field 260326b |||||||| |||| 00| 0 eng d
040 ## - CATALOGING SOURCE
Transcribing agency 0
082 ## - DEWEY DECIMAL CLASSIFICATION NUMBER
Classification number DPer 301.599 P538 2018-2019 v. 66-7
100 ## - MAIN ENTRY--PERSONAL NAME
Personal name Salomon, Elgin Glenn R.
Relator term author.
9 (RLIN) 70212
245 ## - TITLE STATEMENT
Title Colonial Urban Planning and Social Control :
Remainder of title The City Beautiful Plan Iloilo City /
Statement of responsibility, etc. Elgin Glenn R. Salomon
260 ## - PUBLICATION, DISTRIBUTION, ETC. (IMPRINT)
Place of publication, distribution, etc. Commonwealth, Quezon City, Metro Manila. :
Name of publisher, distributor, etc. Philippine Sociological Society ,
Date of publication, distribution, etc. 2018.
300 ## - PHYSICAL DESCRIPTION
Extent volume 67, pages 35-62 :
Other physical details illustration ;
Dimensions 23.5 cm.
500 ## - GENERAL NOTE
General note Philippine Sociological Review, Vol. 67, pages 35-62, 2019.
650 #0 - SUBJECT ADDED ENTRY--TOPICAL TERM
Topical term or geographic name as entry element City Beautiful movement
9 (RLIN) 70306
Geographic subdivision Philippines
650 #0 - SUBJECT ADDED ENTRY--TOPICAL TERM
Topical term or geographic name as entry element Urban planning
9 (RLIN) 70307
General subdivision Political aspects
Geographic subdivision Philippines
650 #0 - SUBJECT ADDED ENTRY--TOPICAL TERM
Topical term or geographic name as entry element Social control
9 (RLIN) 70308
General subdivision History
Geographic subdivision Philippines
700 ## - ADDED ENTRY--PERSONAL NAME
Personal name Salomon, Elgin Glenn R.
Relator term author.
9 (RLIN) 70212
942 ## - ADDED ENTRY ELEMENTS (KOHA)
Source of classification or shelving scheme Dewey Decimal Classification
Koha item type Periodicals
Holdings
Withdrawn status Lost status Source of classification or shelving scheme Damaged status Not for loan Collection code Home library Current library Date acquired Total Checkouts Full call number Date last seen Price effective from Koha item type Public note
    Dewey Decimal Classification     Periodicals UM Digos College - LIC UM Digos College - LIC 03/26/2026   DPer 301.599 P538 2018-2019 v. 66-7 03/26/2026   Periodicals Periodical Article